00306nam a2200133Ia 4500003000400000005001700004008004100021020001900062040001700081100001700098100000900115245003000124260001800154OSt20240329162505.0170524s9999 xx 000 0 und d a978-8121918053 ciimtu meerut aSingh/Duggal c2007 0aHUMAN RESOURCE MANAGEMENT aSun India Pub